A kegyes - tanitórendiek... 1897-1898
| Format: | Book |
|---|---|
| Language: | Undetermined |
| Published: |
Rózsahegy
Salva Károl
1898
|
MARC
| LEADER | 00000nam a2200000 a 4500 | ||
|---|---|---|---|
| 001 | vtls001297024 | ||
| 003 | SK-MaSNL | ||
| 005 | 20260224194547.0 | ||
| 008 | 180810s1898 xx 0 und | ||
| 035 | |a SNK000248868 | ||
| 040 | |a SNK |b slo |c SNK |e AACR2 | ||
| 041 | 0 | |a und | |
| 044 | |a xx | ||
| 245 | 1 | |a A kegyes - tanitórendiek... 1897-1898 | |
| 260 | |a Rózsahegy |b Salva Károl |c 1898 | ||
| 958 | |a ONDV | ||
| 999 | |c 1144821 |d 1146751 | ||
| 952 | |t P60, <06>, [BOOK], {606} |a SNK |b SNK |y PREZ |7 0 |p 17A0086460 |o snkČSC 756/1897/98 |0 0 |1 0 |4 0 |d 1997-07-28 |l 0 |r 2005-01-02 00:00:00 |w 2026-02-24 | ||


